The Kurds and Kurdistan / (Record no. 7198)
[ view plain ]
| 000 -LEADER | |
|---|---|
| fixed length control field | 00833cam a2200301I 4500 |
| 001 - CONTROL NUMBER | |
| JCCL Control Number | 7198 |
| 003 - CONTROL NUMBER IDENTIFIER | |
| JCCL marc code | BD-JhCC |
| 005 - DATE AND TIME OF LATEST TRANSACTION | |
| control field | 20180422184248.0 |
| 008 - FIXED-LENGTH DATA ELEMENTS--GENERAL INFORMATION | |
| fixed length control field | 780930s1964 enkb 000 0 eng |
| 035 ## - SYSTEM CONTROL NUMBER | |
| system control number | CONN86145 |
| 035 ## - SYSTEM CONTROL NUMBER | |
| system control number | ocm04260942 |
| 035 ## - SYSTEM CONTROL NUMBER | |
| system control number | (BD-JhCC)7198 |
| 035 ## - SYSTEM CONTROL NUMBER | |
| system control number | 66381 |
| 040 ## - CATALOGING SOURCE | |
| Original cataloging agency | DLC |
| Transcribing agency | MNM |
| Modifying agency | UKM |
| 041 ## - LANGUAGE CODE | |
| Language code of Book | eng |
| 050 #0 - LIBRARY OF CONGRESS CALL NUMBER | |
| Classification number | DS51.K7 |
| Item number | K5 |
| 082 00 - DEWEY DECIMAL CLASSIFICATION NUMBER | |
| Classification number | 956.67 |
| Author mark and Year | KIN 1964 |
| 100 1# - MAIN ENTRY--PERSONAL NAME | |
| Personal name | Kinnane, Derk. |
| 245 14 - TITLE STATEMENT | |
| Title | The Kurds and Kurdistan / |
| Statement of responsibility, etc | Derk Kinnane |
| 260 ## - PUBLICATION, DISTRIBUTION, ETC. (IMPRINT) | |
| Place of publication, distribution, etc | London, |
| -- | New York |
| Name of publisher, distributor, etc | Oxford University Press, |
| Date of publication, distribution, etc | 1964. |
| 300 ## - PHYSICAL DESCRIPTION | |
| Pagination | vi, 85 [l] p. |
| Other physical details | map. |
| Dimensions | 19 cm. |
| 500 ## - GENERAL NOTE | |
| General note | "Issued under the auspices of the Institute of Race Relations, London." |
| 504 ## - BIBLIOGRAPHY, ETC. NOTE | |
| Bibliography, etc | Bibliography: p. [86] |
| 650 #0 - SUBJECT ADDED ENTRY--TOPICAL TERM | |
| Topical term or geographic name as entry element | Kurds. |
| 710 2# - ADDED ENTRY--CORPORATE NAME | |
| Corporate name or jurisdiction name as entry element | Institute of Race Relations. |
| 942 ## - ADDED ENTRY ELEMENTS (KOHA) | |
| Source of classification or shelving scheme | Dewey Decimal Classification |
| Koha item type | Books |
| Source of classification or shelving scheme | Damaged status | Not for loan | Home library | Current library | Shelving location | Total Checkouts | Full call number | Barcode | Date last seen | Copy number | Koha item type |
|---|---|---|---|---|---|---|---|---|---|---|---|
| Dewey Decimal Classification | JCC Rouf Library | JCC Rouf Library | General Stacks | 956.67 KIN 1964 | 9741 | 02/06/2018 | C - 1 | Books |